Politeísmo y encuentro con el Islam : hermenéutica entre civilizaciones II /

Este segundo volumen sobre las discusiones filosóficas sobre la paz aborda dos cuestiones en una primera trata la estética y la crítica de la violencia desde la visión política propia del politeísmo actual y el la segunda se realiza un encuentro con el Islam desde la misma perspectiva del politeísmo...

Повний опис

Збережено в:
Бібліографічні деталі
Інші автори: Vattimo, Gianni (ed.) (ed.), Oñate y Zubía, Teresa (prelim.) (prelim.)
Формат: Книга
Мова:Іспанська
Опубліковано: Madrid, España : Dykinson, 2008, c2008
Предмети:
Теги: Додати тег
Немає тегів, Будьте першим, хто поставить тег для цього запису!

MARC

LEADER 00000nam^a2200000^a^4500
001 000293196
005 20250521000000.0
009 20260310112130.921
020 |a 978-84-9849-271-2 
037 |a Acervo ITESO - Biblioteca 
041 |a ESP 
082 |a 121. 68  |b HER V. 2 
240 1 1 |a [Hermenéutica entre civilizaciones] 
245 0 0 |a Politeísmo y encuentro con el Islam :  |b hermenéutica entre civilizaciones II /  |c Ed. de G. Vatimo... [et al.] ; prelim. de T. Oñate y Zubía. 
264 4 |a Madrid, España :  |b Dykinson,  |c 2008, c2008 
300 |a 527 p. 
336 |a texto  |b txt  |2 rdacontenido 
337 |a sin mediación  |b n  |2 rdamedio 
338 |a volumen  |b nc  |2 rdasoporte 
520 |a Este segundo volumen sobre las discusiones filosóficas sobre la paz aborda dos cuestiones en una primera trata la estética y la crítica de la violencia desde la visión política propia del politeísmo actual y el la segunda se realiza un encuentro con el Islam desde la misma perspectiva del politeísmo. 
649 |a XX 
650 |a Altermundistas 
650 |a Guerra y Paz -  |x Filosofía -  |x Tema Principal 
650 |a Violencia -  |x Filosofía -  |x Tema Principal 
650 |a Islamismo -  |x Historia -  |x Tema Principal 
650 |a Cristianismo -  |x Historia y Crítica 
650 |a Hermenéutica -  |x Tema Principal 
650 |a Nihilismo -  |x Historia y Crítica 
650 |a Politeísmo 
650 |a Política y Religión 
650 |a Filosofía y Religión 
650 |a Modernidad y Posmodernidad -  |x Historia y Crítica 
650 |a Filosofía del Siglo XX -  |x Historia y Crítica 
650 |a Ontología 
650 |a Etica 
650 |a Vattimo, Gianni 
650 |a Nietzsche, Friedrich -  |x Historia y Crítica 
700 |a Vattimo, Gianni  |e (ed.) 
700 |a Oñate y Zubía, Teresa  |e (prelim.) 
910 |a Fondo General 
920 |a Impresos - Libros 
930 |a Colección General 
905 |a 101 
901 |a 0500179199  |b IT1  |c ACC  |u 20250521 
902 |a https://opac.biblio.iteso.mx/vufind/Record/000293196